000 01477cam a2200385 a 4500
001 15580508
003 OSt
005 20140310184342.0
008 090109s2010 nyua b 001 0beng
010 _a 2009000345
020 _a9780531237045
020 _a0531237044
035 _a(OCoLC)ocn298325728
040 _aDLC
_cDLC
_dIG#
_dHSA
_dDLC
043 _an-us---
050 0 0 _aQH 31.C33
_b.V46 2010
100 1 _aVenezia, Mike.
_924604
245 1 0 _aRachel Carson :
_bclearing the way for environmental protection /
_cwritten and illustrated by Mike Venezia.
260 _aNew York :
_bChildren's Press,
_c2010.
300 _a32 p. :
_bill. (some col.) ;
_c25 cm.
490 1 _aGetting to know the world's greatest inventors & scientists
500 _aIncludes index.
520 _aProfiles the life and career of the scientist Rachel Carson.
521 _aG8
526 _c950
600 1 0 _aCarson, Rachel,
_d1907-1964
_vJuvenile literature.
_924605
650 0 _aBiologists
_zUnited States
_vBiography
_vJuvenile literature.
_924606
650 0 _aEnvironmentalists
_zUnited States
_vBiography
_vJuvenile literature.
_924607
800 1 _aVenezia, Mike.
_tGetting to know the world's greatest inventors & scientists
_924608
906 _a7
_bcbc
_corignew
_d1
_eecip
_f20
_gy-gencatlg
942 _2lcc
_cBK-SCHOLAS
999 _c33837
_d33837